Loading...
| Philosophy | 0 | 6 | 0 | 1 | 60 | 34 | 69.50 | 2 | 4 | 0.00 | 0.00 |
| Literature - British | 0 | 6 | 0 | 0 | 60 | 55 | 78.17 | 1 | 4 | 0.00 | 0.00 |
| Literature - World/Other | 0 | 5 | 0 | 1 | 50 | 64 | 100.40 | 0 | 0 | 0.00 | 0.00 |
| Literature - American | 0 | 5 | 0 | 0 | 50 | 30 | 78.00 | 1 | 3 | 0.00 | 0.00 |
| Science - Biology | 0 | 4 | 0 | 0 | 40 | 61 | 69.00 | 1 | 3 | 0.00 | 0.00 |
| Literature - European | 0 | 4 | 1 | 0 | 35 | 24 | 69.75 | 0 | 1 | 0.00 | 0.00 |
| Social Science | 0 | 3 | 0 | 0 | 30 | 49 | 65.67 | 1 | 1 | 0.00 | 0.00 |
| History - American | 0 | 2 | 0 | 0 | 20 | 61 | 77.00 | 0 | 1 | 0.00 | 0.00 |
| Religion | 0 | 2 | 0 | 0 | 20 | 73 | 95.50 | 0 | 1 | 0.00 | 0.00 |
| Science - Chemistry | 0 | 2 | 1 | 0 | 15 | 52 | 57.50 | 1 | 1 | 0.00 | 0.00 |
| Geography/Current Events | 0 | 1 | 0 | 0 | 10 | 73 | 73.00 | 0 | 1 | 0.00 | 0.00 |
| History - World | 0 | 1 | 0 | 0 | 10 | 65 | 65.00 | 0 | 0 | 0.00 | 0.00 |
| Fine Arts - Other | 0 | 1 | 1 | 0 | 5 | 141 | 141.00 | 0 | 0 | 0.00 | 0.00 |
| Science - Other | 0 | 0 | 1 | 0 | -5 | 0.00 | 0 | 0 | 0.00 | 0.00 |